000 01307nam a2200313 i 4500
003 EG-GICUC
005 20260220044846.0
008 260220s1997 ua ||||fr|||| 001 0 ara d
040 _a EG-GICUC
_bara
_c EG-GICUC
_d EG-GICUC
_erda
041 0 _aara
082 0 4 _a343.3
_bح س . م
_221
092 0 4 _221
099 _aLaw1 10 343.3 ح س . م 1997
100 0 _aحسن صادق المرصفاوي
_eمؤلف.
245 1 2 _aالمرصفاوي في القانون الجنائي.
_nالجزء الثاني،
_bقانون الإجراءات الجنائية تشريعاً وقضاء في مائة عام /
_cدكتور حسن صادق المرصفاوي.
264 1 _aالاسكندرية :
_bمنشاة المعارف،
_c[1997].
300 _a2046 ؛ صفحة
_c24 سم.
_bإيضاحيات، صور، مثيليات ؛
336 _2rda content
_atext
337 _2rda media
_aComputer
338 _2rda carrier
_aOnline Resource
504 _a. 240-220 ببليوجرافيا: صفحات.
546 _aالنص باللغة العربية
650 1 4 _aقانون الإجراءات الجنائية
_2qrmak
650 1 4 _aالقانون الجنائي
_2qrmak
651 1 _2qrmak
856 4 0 _uhttps://fll.law.cu.edu.eg/fulltext/bks/B10-08475.pdf
905 _a77
942 _2ddc
_cBK
_e21
_n0
999 _c63893
_d63893